William Carey : (Record no. 10438)

MARC details
000 -LEADER
fixed length control field 01257cam a2200349 a 4500
001 - CONTROL NUMBER
control field 4036110
003 - CONTROL NUMBER IDENTIFIER
control field GBCCL
005 - DATE AND TIME OF LATEST TRANSACTION
control field 20241126110732.0
008 - FIXED-LENGTH DATA ELEMENTS--GENERAL INFORMATION
fixed length control field 981019r20021998waub b 000 0beng
010 ## -
-- 98048980
020 ## - INTERNATIONAL STANDARD BOOK NUMBER
International Standard Book Number 1576581470 (pbk.)
020 ## - INTERNATIONAL STANDARD BOOK NUMBER
International Standard Book Number 9781576581476
040 ## - CATALOGING SOURCE
Original cataloging agency DLC
Transcribing agency DLC
Modifying agency DLC
043 ## -
-- e-uk-en
-- a-ii---
050 00 -
-- BV3269.C3
-- B46 1998
082 00 - DEWEY DECIMAL CLASSIFICATION NUMBER
Classification number 266.0092
-- 266.61092
Item number BEN
100 1# - MAIN ENTRY--PERSONAL NAME
Personal name Benge, Janet,
Dates associated with a name 1958-
9 (RLIN) 17368
245 10 - TITLE STATEMENT
Title William Carey :
Remainder of title obliged to go /
Statement of responsibility, etc. Janet & Geoff Benge.
260 ## - PUBLICATION, DISTRIBUTION, ETC.
Place of publication, distribution, etc. Seattle :
Name of publisher, distributor, etc. YWAM,
Date of publication, distribution, etc. 2021, c1998.
300 ## - PHYSICAL DESCRIPTION
Extent 211 p. :
Other physical details map ;
Dimensions 21 cm.
440 #0 - SERIES STATEMENT/ADDED ENTRY--TITLE
Title Christian heroes, then & now
9 (RLIN) 17374
504 ## - BIBLIOGRAPHY, ETC. NOTE
Bibliography, etc. note Includes bibliographical references (p. 213).
600 10 - SUBJECT ADDED ENTRY--PERSONAL NAME
Personal name Carey, William,
Dates associated with a name 1761-1834.
9 (RLIN) 4777
650 #0 - SUBJECT ADDED ENTRY--TOPICAL TERM
Topical term or geographic name entry element Missionaries
Geographic subdivision England
General subdivision Biography.
9 (RLIN) 18149
650 #0 - SUBJECT ADDED ENTRY--TOPICAL TERM
Topical term or geographic name entry element Baptists
Geographic subdivision England
General subdivision Biography.
9 (RLIN) 18150
650 #0 - SUBJECT ADDED ENTRY--TOPICAL TERM
Topical term or geographic name entry element Missionaries
Geographic subdivision India
General subdivision Biography.
9 (RLIN) 3853
650 #0 - SUBJECT ADDED ENTRY--TOPICAL TERM
Topical term or geographic name entry element Baptists
Geographic subdivision England
General subdivision Biography.
9 (RLIN) 18150
700 1# - ADDED ENTRY--PERSONAL NAME
Personal name Benge, Geoff,
Dates associated with a name 1954-
9 (RLIN) 17373
906 ## - LOCAL DATA ELEMENT F, LDF (RLIN)
a 7
b cbc
c orignew
d 2
e ocip
f 20
g y-gencatlg
942 ## - ADDED ENTRY ELEMENTS (KOHA)
Source of classification or shelving scheme Dewey Decimal Classification
Koha item type Books
Koha issues (borrowed), all copies 2
Holdings
Withdrawn status Lost status Source of classification or shelving scheme Damaged status Not for loan Home library Current Library Shelving location Date acquired Total checkouts Total renewals Full call number Barcode Date last seen Date last checked out Copy number Price effective from Koha item type
    Dewey Decimal Classification     GRACE BIBLE COLLEGE GRACE BIBLE COLLEGE Ministry & Mission 2024-07-18 7 2 266.0092 BEN 016959 2026-02-27 2026-02-25 c.1 2024-07-18 Books
© Grace Bible College Library 2025